000
00304nam a22001457a 4500
003
SGT
020
_a
9789375785952
082
_a
332.10
_b
TAX
100
_a
TAXMAN
245
_a
DIGITAL BANKING
260
_a
INDIA
_b
TAXTMAN PUB.
_c
2024
300
_a
444
650
_a
DIGITAL BANKING
942
_2
ddc
_c
BK
999
_c
29497
_d
29497